ا ر سطو سے ا يليٹ تک (Record no. 170902)

MARC details
000 -LEADER
fixed length control field 00623nam a22001937a 4500
005 - DATE AND TIME OF LATEST TRANSACTION
control field 20191230125852.0
010 ## - LCCN (DPL NO)
LC control number A-485662
020 ## - INTERNATIONAL STANDARD BOOK NUMBER
Terms of availability 250.00
International Standard Book Number 85360820
035 ## - SYSTEM CONTROL NUMBER
System control number A-485662
037 ## - SOURCE OF ACQUISITION
Source of stock number/acquisition BPPD
082 ## - DEWEY DECIMAL CLASSIFICATION NUMBER
Classification number 840.8
100 ## - MAIN ENTRY--PERSONAL NAME
Personal name جميل جا لبی
245 ## - TITLE STATEMENT
Title ا ر سطو سے ا يليٹ تک
Statement of responsibility, etc جميل جا لبی
246 ## - VARYING FORM OF TITLE
Title proper/short title Aristo Se Elliot Tak (Urdu)
Remainder of title by Jamil Jalibi
260 ## - PUBLICATION, DISTRIBUTION, ETC. (IMPRINT)
Place of publication, distribution, etc -
Date of publication, distribution, etc 1992 ء
Name of publisher, distributor, etc Educational Publishing House
270 ## - ADDRESS
Address 3108,Gali Azizuddin,Kucha Pandit,Lal Kuan
City Delhi
Telephone number 526162
Postal code 110006
300 ## - PHYSICAL DESCRIPTION
Extent 686 ص
Dimensions 22 cm(hb)
942 ## - ADDED ENTRY ELEMENTS (KOHA)
Source of classification or shelving scheme Dewey Decimal Classification
Item type Urdu Bks
Classification part 840.8
Call number suffix ج م ی
Holdings
Withdrawn status Lost status Not for loan Collection code Home library Current library Date acquired Source of acquisition Cost, normal purchase price Full call number Barcode Copy number Cost, replacement price Koha item type
      Non-fiction Central Library Central Library 30/12/2019 BPPD/Ven. 250.00 840.8 ج م ی A-485662 1 250.00 Urdu Bks

© Delhi Public Library
Hit Counter
free hit counter